000 00812nam a2200265Ia 4500
003 OSt
005 20220928131038.0
006 a|||||r|||| 00| 0
007 ta
008 220927b |||||||| |||| 00| 0 eng d
024 _a69602
037 _cTextual
040 _aSDCL
_cSDCL
_beng
041 _2eng
_aeng
082 _aXM8:8, P5
100 _aDepamphilis Donald M
_9474627
245 0 _aMergers acquisitions and restructuring activities
_bAn integrated approach to process tools cases and solutions
250 _a3
260 _aLondon
_bElsevier Academic Press
_c2005
300 _axxiii,608p
_ccm.
490 _aAcademic Press Advance Finance Series
650 _aCorporate Governance
_9391986
942 _hXM8:8, P5
_cTEXL
_2CC
999 _c789353
_d789353